La Situación en Centroamérica . Informe del Secretario General (II) /

Spremljeno u:
Bibliografski detalji
Glavni autor: Annan, Kofi
Format: Tekst
Teme:
Oznake: Dodaj oznaku
Bez oznaka, Budi prvi tko označuje ovaj zapis!

MARC

LEADER 00000 a a2200000 04500
001 6632
003
040
100 |a Annan, Kofi  
245 |a La Situación en Centroamérica . Informe del Secretario General (II) /  |c Kofi Annan 
650 |a PAZ  
650 |a DEMOCRACIA  
650 |a DERECHOS HUMANOS  
650 |a DESARROLLO HUMANO  
650 |a DESARROLLO ECONOMICO SOCIAL  
773 |g volumen 23, número 1034; páginas 15-16  
999 |c 39424  |d 39424